Harp on the willow. #1 / B.J. Hoff.(BJ Hoff)
Available copies
- 1 of 1 copy available at LARL/NWRL Consortium.
- 1 of 1 copy available at Lake Agassiz Regional Library. (Show preferred library)
Current holds
0 current holds with 1 total copy.
Show Only Available Copies
| Location | Call Number / Copy Notes | Barcode | Shelving Location | Status | Due Date |
|---|---|---|---|---|---|
| Ada Public Library | C HOF (Text) | 33500012641668 | Main | Available | - |
Record details
- ISBN: 9780736920674
- ISBN: 0736920676
- Physical Description: 302 pages ; 22 cm
- Publisher: Eugene, Oregon : Harvest House Publishers, [2018]
Content descriptions
| Summary, etc.: | "West Virginia, 1869 Three years ago, Dr. Daniel ... Read More |
Search for related items by subject
| Subject: | FICTION > Christian > Historical. FICTION > Christian > Romance. |
| Genre: | Christian fiction. Love stories. |
Search for related items by series
| LDR | 02424cam a22004218i 4500 | ||
|---|---|---|---|
| 001 | 276758 | ||
| 003 | LARL_NWRL_CONSORTIUM | ||
| 005 | 20181204192022.0 | ||
| 008 | 170822s2018 oru 000 1 eng | ||
| 010 | . | ‡a 2017035103 | |
| 040 | . | ‡aDLC ‡beng ‡erda ‡cDLC ‡dBTCTA ‡dYDX ‡dBDX ‡dOCLCQ ‡dJSE | |
| 020 | . | ‡a9780736920674 ‡q(paperback) | |
| 020 | . | ‡a0736920676 ‡q(paperback) | |
| 020 | . | ‡z9780736942997 ‡q(eBook) | |
| 035 | . | ‡a(OCoLC)992745971 | |
| 042 | . | ‡apcc | |
| 082 | 0 | 0. | ‡a813/.54 ‡223 |
| 084 | . | ‡aFIC042030 ‡aFIC042040 ‡2bisacsh | |
| 100 | 1 | . | ‡aHoff, B. J., ‡d1940- ‡eauthor. ‡0(LARL_NWRL_CONSORTIUM)89962 |
| 245 | 1 | 0. | ‡aHarp on the willow. ‡n#1 / ‡cB.J. Hoff.(BJ Hoff) |
| 264 | 1. | ‡aEugene, Oregon : ‡bHarvest House Publishers, ‡c[2018] | |
| 300 | . | ‡a302 pages ; ‡c22 cm | |
| 336 | . | ‡atext ‡btxt ‡2rdacontent | |
| 337 | . | ‡aunmediated ‡bn ‡2rdamedia | |
| 338 | . | ‡avolume ‡bnc ‡2rdacarrier | |
| 490 | 0 | . | ‡aMt. Laurel memories ; ‡v1 |
| 520 | . | ‡a"West Virginia, 1869 Three years ago, Dr. Daniel Kavanagh settled down in the quaint town of Mount Laurel and established a medical practice there. The single doctor has been nursing an unrequited crush on Serena Norman, the local schoolteacher. Just down the road lies the coal mining town of Owenduffy, considered by most in Mount Laurel to be a backwoods hamlet. When the mine company's doctor abandons his post, Daniel agrees to visit one day a week, much to the consternation of his fellow residents, including his secret love, Serena. Addie Rose, the daughter of an Owenduffy coal miner, has a gift for caring for others. When a receptionist position in Daniel's office suddenly becomes available, what windows of opportunity will God open for Addie Rose--just a job, a possible career as a nurse, or maybe something more? Harp on the Willow is a touching tale of true love, the kind that can only come from a Savior who first loved us"-- ‡cProvided by publisher. | |
| 650 | 7. | ‡aFICTION ‡xChristian ‡xHistorical. ‡2bisacsh | |
| 650 | 7. | ‡aFICTION ‡xChristian ‡xRomance. ‡2bisacsh | |
| 655 | 7. | ‡aChristian fiction. ‡2gsafd | |
| 655 | 7. | ‡aLove stories. ‡2gsafd | |
| 776 | 0 | 8. | ‡iOnline version: ‡aHoff, B.J., 1940- ‡tHarp on the willow. ‡dEugene, Oregon : Harvest House Publishers, [2018] ‡z9780736942997 ‡w(DLC) 2017040278 |
| 905 | . | ‡uvanderl | |
| 901 | . | ‡a276758 ‡b ‡c276758 ‡tbiblio ‡soclc | |

Add to basket
Permalink
Disable Highlighting